| 000 | 01319cam a22002294a 4500 | ||
|---|---|---|---|
| 005 | 20250605164252.0 | ||
| 008 | 250528s ||||||||||||||||||||||||d | ||
| 035 | _a21772 | ||
| 020 | _a9789609427302 | ||
| 040 |
_aGR-AtMCL _bgre _dGR-AtMCL _eAACR2 |
||
| 245 | 1 | _aΔΙΑΓΝΩΣΤΙΚΕΣ ΠΡΟΣΕΓΓΙΣΕΙΣ ΣΤΗ ΛΟΓΟΠΑΘΟΛΟΓΙΑ | |
| 250 | _a1 | ||
| 260 |
_bGotsis, _c2013 |
||
| 300 | _a629 | ||
| 505 | 0 | _aΘΕΜΕΛΙΑ ΤΗΣ ΑΞΙΟΛΟΓΗΣΗΣ ΑΞΙΟΛΟΓΗΣΗ ΣΕ ΠΟΛΙΤΙΣΜΙΚΟ ΠΛΑΙΣΙΟ ΣΥΛΛΟΓΗ ΠΛΗΡΟΦΟΡΙΩΝ ΠΡΟ ΤΗΣ ΑΞΙΟΛΟΓΗΣΗΣ ΣΥΝΕΚΤΙΜΗΣΗ ΤΩΝ ΣΥΛΛΕΓΟΜΕΝΩΝ ΠΛΗΡΟΦΟΡΙΩΝ ΑΞΙΟΛΟΓΗΣΗΣ ΚΑΤΑΓΡΑΦΗ ΤΩΝ ΕΥΡΗΜΑΤΩΝ ΚΑΙ ΥΠΟΒΟΛΗ ΕΚΘΕΣΕΩΝ | |
| 520 | _aΘΕΜΕΛΙΑ ΤΗΣ ΑΞΙΟΛΟΓΗΣΗΣ ΑΞΙΟΛΟΓΗΣΗ ΣΕ ΠΟΛΙΤΙΣΜΙΚΟ ΠΛΑΙΣΙΟ ΣΥΛΛΟΓΗ ΠΛΗΡΟΦΟΡΙΩΝ ΠΡΟ ΤΗΣ ΑΞΙΟΛΟΓΗΣΗΣ ΣΥΝΕΚΤΙΜΗΣΗ ΤΩΝ ΣΥΛΛΕΓΟΜΕΝΩΝ ΠΛΗΡΟΦΟΡΙΩΝ ΑΞΙΟΛΟΓΗΣΗΣ ΚΑΤΑΓΡΑΦΗ ΤΩΝ ΕΥΡΗΜΑΤΩΝ ΚΑΙ ΥΠΟΒΟΛΗ ΕΚΘΕΣΕΩΝ | ||
| 700 | 1 |
_aMcafee Julie G _97700 |
|
| 700 | 1 |
_aShipley Kenneth G _97701 |
|
| 942 | _cBK | ||
| 999 |
_c6831 _d6831 |
||